Statistiques concernant Pays du monde commençant par S et T.

Cliquez ici pour prendre le quiz!

Statistiques générales

  • Ce quiz a été pris 277 fois
    (181 depuis la dernière actualisation)
  • Le résultat moyen est 24 sur 37

Statistiques - réponses

Réponse% Correct
Suède
88%
Turquie
85%
Suisse
84%
Slovaquie
81%
Slovénie
81%
Soudan
81%
Turkménistan
81%
Soudan du Sud
77%
Suriname
76%
Tunisie
76%
Somalie
69%
Sainte-Lucie
66%
Serbie
66%
Tadjikistan
66%
Tanzanie
66%
Togo
66%
Tuvalu
66%
Saint-Vincent-et-les-
Grenadines
65%
Saint-Christophe-
et-Niévès
64%
Saint-Marin
64%
Thaïlande
64%
Sri Lanka
62%
Trinité-et-Tobago
62%
Salvador
59%
Syrie
59%
Sénégal
57%
Seychelles
57%
Samoa
54%
Samoa
54%
Tonga
54%
Salomon
53%
Sao Tomé-et-Principe
51%
Singapour
51%
Sierra Leone
50%
Tchad
49%
Timor Oriental
48%
Taïwan
46%

Distribution des résultats

Percentile par nombre de réponses

% des personnes avec chaque résultat

Votre développement - résultats

Vous n’avez pas pris ce quiz depuis la dernière actualisation